Alternatívna mena ako systém komunitnej podpory

Opodstatnenosť existencie alternatívnych menových systémov a ich pridaná hodnota v procese rozvoja miestnej komunity. Mena WIR. Barterové systémy. Časové meny. Kombinácia princípu časovej banky, doplnkovej meny a Local Exchange Trading System.

Saved in:
Bibliographic Details
Main Author: Pongrácz, Eva, 1971-
Other Authors: Hamzić, Lejla
Format: Book Chapter
Language:Slovak
Subjects:
Tags: Add Tag
No Tags, Be the first to tag this record!

MARC

LEADER 00000naa a2200000 4500
001 0197008
005 20240502073325.0
041 0 |a slo 
044 |a SK 
245 1 0 |a Alternatívna mena ako systém komunitnej podpory  |c Eva Pongrácz, Lejla Hamzić 
520 |a Opodstatnenosť existencie alternatívnych menových systémov a ich pridaná hodnota v procese rozvoja miestnej komunity. Mena WIR. Barterové systémy. Časové meny. Kombinácia princípu časovej banky, doplnkovej meny a Local Exchange Trading System. 
610 2 0 |a kríza finančná 
610 2 0 |a systém menový 
610 2 0 |a mena virtuálna 
610 2 0 |a peniaze 
100 1 |a Pongrácz, Eva, 1971- 
700 1 |a Hamzić, Lejla